Normal view
MARC view
- المدن والقرى- سوريا - مؤتمرات
Entry Topical Term
001 - CONTROL NUMBER
- control field: 19253
003 - CONTROL NUMBER IDENTIFIER
- control field: JO-AjAnu
005 - DATE AND TIME OF LATEST TRANSACTION
- control field: 20230606073352.0
008 - FIXED-LENGTH DATA ELEMENTS
- fixed length control field: 230606|| aca||aabn | a|a d
040 ## - CATALOGING SOURCE
- Original cataloging agency: JO-AjAnu
- Transcribing agency: JO-AjAnu
150 ## - HEADING--TOPICAL TERM
- Topical term or geographic name entry element: المدن والقرى- سوريا - مؤتمرات
670 ## - SOURCE DATA FOUND
- Source citation: Work cat.: (JO-AjAnu)9882: تأليف: مجموعة من المؤلفين ؛ اشراف: جان كلود دافيد، محمد الدبيات ؛ ترجمة : محمد الدبيات, author 19252, المدينة في سورية واقاليمها الموروثات والمتحولات= Ville en Syrie et ses territoires